00379nam a2200121Ia 4500008004000000020001800040082001900058100002100077245008700098260003800185300001200223650002200235210210b1995 xxu||||| |||| 00| 0 eng d a81 7901 798 7 a809.88914 SAHH aSAHITYA AKADEMI. aHistory of Indian literature: 1911-1956 struggle for freedom: triumph and tragedy. aNew DelhibSahitya Akademic1995 axvi,908 aIndian Literature